[Event "1st WMSG Rapid Pair"]
[Site "Beijing CHN"]
[Date "2008.10.11"]
[Round "8"]
[White "Aveskulov, V."]
[Black "Reinderman, D."]
[Result "1/2-1/2"]
[WhiteElo "2544"]
[BlackElo "2543"]
[PlyCount "179"]
[EventDate "2008.10.09"]
[SourceDate "1999.07.01"]

1. e4 e5 2. Nf3 Nc6 3. Bb5 a6 4. Ba4 Nf6 5. O-O Nxe4 6. d4 b5 7. Bb3 d5 8. dxe5
Be6 9. Be3 Be7 10. c3 O-O 11. Nbd2 Nc5 12. Bc2 Nd7 13. Bf4 f6 14. Re1 fxe5 15.
Nxe5 Ndxe5 16. Bxe5 Bf5 17. Bg3 Bxc2 18. Qxc2 Bd6 19. Nf3 Bxg3 20. hxg3 Qf6 21.
Qd3 Qf5 22. Qxf5 Rxf5 23. Re6 Rf6 24. Rae1 Raf8 25. Kf1 h6 26. Rxf6 Rxf6 27.
Re8+ Rf8 28. Re6 Rf6 29. Re8+ Rf8 30. Re6 Rf6 31. Rxf6 gxf6 32. Nd4 Nxd4 33.
cxd4 b4 34. Ke2 Kf7 35. Kd3 Ke6 36. Ke3 Kd6 37. Kd3 h5 38. Ke3 c5 39. dxc5+
Kxc5 40. Kd3 b3 41. a3 d4 42. Ke2 Kc4 43. Kd2 Kd5 44. Kd3 Ke5 45. Ke2 Ke4 46.
Kd2 a5 47. Ke2 a4 48. Kd2 d3 49. Kc3 f5 50. Kd2 Kd4 51. f3 Kc4 52. Ke3 Kc5 53.
Kxd3 Kd5 54. Kc3 Kc5 55. Kd3 Kd5 56. Kc3 Kc5 57. Kd3 Kd5 58. Ke3 Ke5 59. Ke2
Ke6 60. Kd2 Kd6 61. Ke2 Ke6 62. Kd2 Kd6 63. Kc3 Kc5 64. Kd3 Kd5 65. Ke3 Ke5 66.
Kd3 Kd5 67. Kc3 Kc5 68. Kd3 Kd5 69. Ke2 Ke6 70. Kd2 Kd6 71. Ke2 Ke6 72. Kf2 Kf6
73. Kf1 Kf7 74. Kg1 Ke6 75. Kf1 Kd5 76. Kf2 Kc5 77. Ke3 Kc4 78. Ke2 Kd4 79. Kd2
Kc4 80. Ke3 Kc5 81. Kd3 Kd5 82. Kc3 Kc5 83. Kd3 Kd5 84. Kc3 Kc5 85. f4 Kd5 86.
Kd3 Kc5 87. Kc3 Kd5 88. Kd3 Kc5 89. Kc3 Kd5 90. Kd3 1/2-1/2

[Event "TCh-SRB 1st League"]
[Site "Subotica SRB"]
[Date "2008.09.01"]
[Round "1"]
[White "Sutovsky, E."]
[Black "Svetushkin, D."]
[Result "1-0"]
[WhiteElo "2654"]
[BlackElo "2587"]
[PlyCount "81"]
[EventDate "2008.09.01"]
[SourceDate "1999.07.01"]

1. e4 e5 2. Nf3 Nc6 3. Bb5 a6 4. Ba4 Nf6 5. O-O Nxe4 6. d4 b5 7. Bb3 d5 8. dxe5
Be6 9. Nbd2 Be7 10. c3 Nc5 11. Bc2 Bg4 12. Re1 O-O 13. Nb3 Ne6 14. Qd3 g6 15.
Bh6 Re8 16. Qe3 a5 17. Nfd4 Ncxd4 18. Nxd4 Nxd4 19. cxd4 c5 20. dxc5 Rc8 21.
Bd3 Bxc5 22. Qf4 Bd7 23. h4 Re6 24. Rad1 Qb6 25. Bg5 Rce8 26. Bc2 Bc6 27. Bb3
Qb7 28. Bf6 a4 29. Bc2 d4 30. Bf5 Bxg2 31. Bxe6 fxe6 32. Rd3 Bb4 33. Rc1 Bf8
34. Re1 Bb4 35. Rc1 Bf8 36. Kh2 Bd5 37. h5 Be4 38. Rxd4 Bf5 39. Rcd1 gxh5 40.
Rd7 Qb6 41. Qxf5 1-0

[Event "8th Savaria Summer GM"]
[Site "Szombathely HUN"]
[Date "2008.08.18"]
[Round "5"]
[White "Vovk, Y."]
[Black "Prohaszka, P2."]
[Result "1-0"]
[WhiteElo "2549"]
[BlackElo "2508"]
[PlyCount "105"]
[EventDate "2008.08.14"]
[SourceDate "1999.07.01"]

1. e4 e5 2. Nf3 Nc6 3. Bb5 a6 4. Ba4 Nf6 5. O-O Nxe4 6. d4 b5 7. Bb3 d5 8. dxe5
Be6 9. Nbd2 Be7 10. c3 O-O 11. Bc2 f5 12. Nd4 Nxd4 13. cxd4 c5 14. dxc5 Nxd2
15. Bxd2 Bxc5 16. Rc1 Qb6 17. Bb3 Rac8 18. Qf3 Kh8 19. Rfd1 Rfe8 20. Kf1 d4 21.
Ba5 Qc6 22. Qxc6 Rxc6 23. Rxd4 Bxb3 24. axb3 Bxd4 25. Rxc6 Bxe5 26. Rxa6 Rc8
27. Rb6 Rc5 28. Bc3 Kg8 29. b4 Rd5 30. Rb7 g5 31. Ke2 h5 32. Re7 Bd4 33. Rb7
Be5 34. h3 h4 35. Bd2 Bf6 36. f4 gxf4 37. Bc3 Be5 38. Re7 Bd4 39. Kf3 Bxc3 40.
bxc3 Rd3+ 41. Kxf4 Rxc3 42. Kxf5 Rc2 43. Re4 Kf7 44. Rg4 Rb2 45. Kg5 Rb3 46.
Rxh4 Rc3 47. Rf4+ Ke6 48. h4 Rc8 49. Rf6+ Ke5 50. h5 Kd4 51. h6 Kc3 52. Rf4
Rg8+ 53. Kh5 1-0

[Event "1st Open"]
[Site "Paleochora GRE"]
[Date "2008.07.25"]
[Round "6"]
[White "Kryvoruchko, Y."]
[Black "Holzke, F."]
[Result "1/2-1/2"]
[WhiteElo "2628"]
[BlackElo "2516"]
[PlyCount "57"]
[EventDate "2008.07.21"]
[SourceDate "1999.07.01"]

1. e4 e5 2. Nf3 Nc6 3. Bb5 a6 4. Ba4 Nf6 5. O-O Nxe4 6. d4 b5 7. Bb3 d5 8. dxe5
Be6 9. Nbd2 Nc5 10. c3 d4 11. Bxe6 Nxe6 12. cxd4 Ncxd4 13. a4 Bb4 14. axb5 Nxb5
15. Qa4 Bxd2 16. Bxd2 O-O 17. Be3 c5 18. Rfd1 Qe7 19. Rac1 h6 20. Rd2 Nbd4 21.
Bxd4 cxd4 22. h3 Ng5 23. Nxg5 Qxg5 24. Qa5 Rab8 25. Rc5 Rb5 26. Rxb5 axb5 27.
Qb4 Qxe5 28. Qxd4 Re8 29. Qxe5 1/2-1/2

[Event "FSGM July"]
[Site "Budapest HUN"]
[Date "2008.07.11"]
[Round "7"]
[White "Hou Yifan"]
[Black "Prohaszka, P2."]
[Result "1/2-1/2"]
[WhiteElo "2557"]
[BlackElo "2509"]
[PlyCount "74"]
[EventDate "2008.07.05"]
[SourceDate "1999.07.01"]

1. e4 e5 2. Nf3 Nc6 3. Bb5 a6 4. Ba4 Nf6 5. O-O Nxe4 6. d4 b5 7. Bb3 d5 8. dxe5
Be6 9. Nbd2 Be7 10. c3 O-O 11. Bc2 f5 12. Nb3 Qd7 13. Nbd4 Nxd4 14. Nxd4 c5 15.
Nxe6 Qxe6 16. f3 Ng5 17. Bxg5 Bxg5 18. f4 Be7 19. a4 b4 20. Kh1 Rab8 21. h3 Kh8
22. Rc1 c4 23. Qd4 Rfc8 24. Rcd1 b3 25. Bb1 Rd8 26. g4 g6 27. gxf5 gxf5 28. Qf2
Rbc8 29. Qf3 Bc5 30. Qh5 Rf8 31. Rd2 Rc7 32. Rg2 Rg7 33. Rxg7 Kxg7 34. Rd1 Kh8
35. Kh2 a5 36. Kg2 Ba7 37. Kh2 Bb6 1/2-1/2

[Event "TCh-ISR"]
[Site "Israel ISR"]
[Date "2008.05.30"]
[Round "11"]
[White "Sutovsky, E."]
[Black "Mikhalevski, V."]
[Result "1-0"]
[WhiteElo "2630"]
[BlackElo "2597"]
[PlyCount "61"]
[EventDate "2008.04.01"]
[SourceDate "1999.07.01"]

1. e4 e5 2. Nf3 Nc6 3. Bb5 a6 4. Ba4 Nf6 5. O-O Nxe4 6. d4 b5 7. Bb3 d5 8. dxe5
Be6 9. Nbd2 Nc5 10. c3 d4 11. Bxe6 Nxe6 12. cxd4 Ncxd4 13. a4 Bc5 14. Ne4 Bb6
15. Nfg5 Qd7 16. axb5 Qxb5 17. Qh5 Nxg5 18. Bxg5 Qe2 19. Qh4 Nf5 20. Qf4 Nd4
21. Qh4 Nf5 22. Qf4 Nd4 23. Rfe1 Qh5 24. Nd6+ cxd6 25. exd6+ Ne2+ 26. Rxe2+
Qxe2 27. d7+ Kxd7 28. Qxf7+ Kc6 29. Rc1+ Bc5 30. Be3 Kb5 31. Qb7+ 1-0

[Event "IX EICC"]
[Site "Plovdiv BUL"]
[Date "2008.05.02"]
[Round "11"]
[White "Azarov, S."]
[Black "Szabo, Krisz1"]
[Result "1/2-1/2"]
[WhiteElo "2585"]
[BlackElo "2507"]
[PlyCount "60"]
[EventDate "2008.04.21"]
[SourceDate "1999.07.01"]

1. e4 e5 2. Nf3 Nc6 3. Bb5 a6 4. Ba4 Nf6 5. O-O Nxe4 6. d4 b5 7. Bb3 d5 8. dxe5
Be6 9. Nbd2 Be7 10. c3 O-O 11. Bc2 f5 12. Nb3 Qd7 13. Nbd4 Nxd4 14. Nxd4 c5 15.
Nxe6 Qxe6 16. f3 Ng5 17. a4 Kh8 18. Bxg5 Bxg5 19. f4 Be7 20. Kh1 g6 21. Qd3
Rab8 22. axb5 axb5 23. b4 cxb4 24. cxb4 Bxb4 25. Bb3 Rfd8 26. Rfd1 Qb6 27. Bxd5
Qf2 28. Rf1 Qd2 29. Rad1 Qxd3 30. Rxd3 Be7 1/2-1/2

[Event "IX EICC"]
[Site "Plovdiv BUL"]
[Date "2008.04.23"]
[Round "3"]
[White "Wells, P."]
[Black "Golod, V."]
[Result "1/2-1/2"]
[WhiteElo "2521"]
[BlackElo "2606"]
[PlyCount "46"]
[EventDate "2008.04.21"]
[SourceDate "1999.07.01"]

1. e4 e5 2. Nf3 Nc6 3. Bb5 a6 4. Ba4 Nf6 5. O-O Nxe4 6. d4 b5 7. Bb3 d5 8. dxe5
Be6 9. Nbd2 Nc5 10. c3 Be7 11. Bc2 d4 12. Nb3 d3 13. Nxc5 dxc2 14. Qxd8+ Rxd8
15. Nxe6 fxe6 16. Be3 Rd5 17. Rfc1 Nxe5 18. Nxe5 Rxe5 19. Rxc2 O-O 20. g3 Bf6
21. a4 Rd5 22. axb5 axb5 23. Kg2 c5 1/2-1/2

[Event "TCh-RUS Major League"]
[Site "Dagomys RUS"]
[Date "2008.04.10"]
[Round "8"]
[White "Kryvoruchko, Y."]
[Black "Bezgodov, A."]
[Result "1/2-1/2"]
[WhiteElo "2612"]
[BlackElo "2502"]
[PlyCount "47"]
[EventDate "2008.04.02"]
[SourceDate "1999.07.01"]

1. e4 e5 2. Nf3 Nc6 3. Bb5 a6 4. Ba4 Nf6 5. O-O Nxe4 6. d4 b5 7. Bb3 d5 8. dxe5
Be6 9. Nbd2 Nc5 10. c3 d4 11. Bxe6 Nxe6 12. cxd4 Ncxd4 13. a4 Bb4 14. axb5 Nxb5
15. Qa4 Bxd2 16. Bxd2 O-O 17. Be3 c5 18. Rac1 Nbd4 19. Bxd4 cxd4 20. Rfd1 Qd5
21. Nxd4 Qxe5 22. Nxe6 Qxe6 23. g3 Rab8 24. Rd2 1/2-1/2

[Event "Corus C"]
[Site "Wijk aan Zee NED"]
[Date "2008.01.18"]
[Round "6"]
[White "Carlsson, P."]
[Black "Grivas, E."]
[Result "1/2-1/2"]
[WhiteElo "2501"]
[BlackElo "2509"]
[PlyCount "43"]
[EventDate "2008.01.12"]
[SourceDate "1999.07.01"]

1. e4 e5 2. Nf3 Nc6 3. Bb5 a6 4. Ba4 Nf6 5. O-O Nxe4 6. d4 b5 7. Bb3 d5 8. dxe5
Be6 9. Be3 Bc5 10. Bxc5 Nxc5 11. Nc3 d4 12. Ne2 Bxb3 13. axb3 Ne6 14. Qd3 O-O
15. Rad1 Qd5 16. Nexd4 Ncxd4 17. Nxd4 Qxe5 18. Rfe1 Qxd4 19. Qxd4 Nxd4 20. Rxd4
Rfd8 21. Red1 Rxd4 22. Rxd4 1/2-1/2

[Event "50th It"]
[Site "Reggio Emilia ITA"]
[Date "2008.01.02"]
[Round "5"]
[White "Almasi, Z."]
[Black "Marin, Mi"]
[Result "1-0"]
[WhiteElo "2691"]
[BlackElo "2551"]
[PlyCount "75"]
[EventDate "2007.12.29"]
[SourceDate "1999.07.01"]

1. e4 e5 2. Nf3 Nc6 3. Bb5 a6 4. Ba4 Nf6 5. O-O Nxe4 6. d4 b5 7. Bb3 d5 8. dxe5
Be6 9. Nbd2 Nc5 10. c3 g6 11. Bc2 Bg7 12. Nd4 Qd7 13. f4 Bg4 14. Qe1 Nxd4 15.
cxd4 Ne6 16. Nb3 a5 17. h3 Bf5 18. Bxf5 gxf5 19. Be3 a4 20. Nd2 Bf8 21. Nf3 Be7
22. Qb1 Nd8 23. Qc2 Ra6 24. Rac1 Rc6 25. Qd3 Rxc1 26. Rxc1 Rg8 27. Kh2 Rg6 28.
e6 Qxe6 29. Ne5 c6 30. Bd2 Rg7 31. Re1 Kf8 32. Qc2 h5 33. Ba5 h4 34. Re2 Nb7
35. Nxc6 Qc8 36. Nxe7 Qxc2 37. Rxc2 Nxa5 38. Nxf5 1-0

[Event "Ugra Cup"]
[Site "Khantiy Mansiysk RUS"]
[Date "2008.10.17"]
[Round "3"]
[White "Smirnov, P."]
[Black "Iordachescu, V."]
[Result "1/2-1/2"]
[WhiteElo "2579"]
[BlackElo "2572"]
[PlyCount "52"]
[EventDate "2008.10.15"]
[SourceDate "1999.07.01"]

1. e4 e5 2. Nf3 Nc6 3. Bb5 a6 4. Ba4 Nf6 5. O-O Nxe4 6. d4 b5 7. Bb3 d5 8. dxe5
Be6 9. Nbd2 Be7 10. c3 Nc5 11. Bc2 d4 12. Nb3 d3 13. Bb1 Nxb3 14. axb3 Bf5 15.
Be3 O-O 16. Re1 Qd5 17. b4 Rfd8 18. Ba2 Qd7 19. Bg5 h6 20. Bxe7 Qxe7 21. Nd2
Be6 22. f4 Bxa2 23. Rxa2 Qe6 24. Ra1 Qd5 25. Qb3 Ne7 26. Qxd5 Nxd5 1/2-1/2

[Event "I Gedeon Barcza Mem"]
[Site "Budapest HUN"]
[Date "2008.11.04"]
[Round "9"]
[White "Kulaots, K."]
[Black "Szabo, Krisz1"]
[Result "1/2-1/2"]
[WhiteElo "2556"]
[BlackElo "2520"]
[PlyCount "140"]
[EventDate "2008.10.27"]
[SourceDate "1999.07.01"]

1. e4 e5 2. Nf3 Nc6 3. Bb5 a6 4. Ba4 Nf6 5. O-O Nxe4 6. d4 b5 7. Bb3 d5 8. dxe5
Be6 9. Be3 Be7 10. c3 Nc5 11. Bc2 Nd7 12. Re1 Ndxe5 13. Nxe5 Nxe5 14. Bd4 f6
15. a4 b4 16. cxb4 O-O 17. Nc3 Bxb4 18. Bxe5 fxe5 19. Rxe5 Bxc3 20. Qh5 h6 21.
bxc3 Qf6 22. Qe2 Bf7 23. a5 Rab8 24. Rb1 c5 25. g3 c4 26. Rxb8 Rxb8 27. Bf5 Kh8
28. h4 Bg8 29. Qe3 Rd8 30. Qd4 Rb8 31. Qe3 Rd8 32. Kg2 Rb8 33. h5 Bf7 34. g4
Qc6 35. Qd4 Qf6 36. Qe3 Qc6 37. Qd4 Qf6 38. Kg3 Qd6 39. Kh3 Qa3 40. Re3 Qd6 41.
Qa7 Bg8 42. Kg2 d4 43. Qxd4 Qc6+ 44. Kh2 Qc7+ 45. Qe5 Qd8 46. Kg3 Rb5 47. Qe8
Qd6+ 48. Kg2 Rb8 49. Qe5 Qc6+ 50. Be4 Qc8 51. Qf4 Rb5 52. Bg6 Rb8 53. Re8 Qc6+
54. Qf3 Qc7 55. Rxb8 Qxb8 56. Qc6 Qe5 57. Qe8 Qd5+ 58. f3 Qd2+ 59. Kg3 Qd5 60.
Qb8 Qc6 61. Be4 Qd7 62. Kf4 Qd2+ 63. Kg3 Qe1+ 64. Kf4 Qd2+ 65. Kg3 Qxc3 66. Bd5
Qe1+ 67. Kh3 Qf1+ 68. Kg3 Qg1+ 69. Kh3 Qh1+ 70. Kg3 Qg1+ 1/2-1/2

[Event "38th Olympiad"]
[Site "Dresden GER"]
[Date "2008.11.22"]
[Round "9"]
[White "Zelcic, R."]
[Black "Svetushkin, D."]
[Result "1/2-1/2"]
[WhiteElo "2589"]
[BlackElo "2588"]
[PlyCount "102"]
[EventDate "2008.11.13"]
[SourceDate "1999.07.01"]

1. e4 e5 2. Nf3 Nc6 3. Bb5 a6 4. Ba4 Nf6 5. O-O Nxe4 6. d4 b5 7. Bb3 d5 8. dxe5
Be6 9. Nbd2 Be7 10. c3 Nc5 11. Bc2 d4 12. Ne4 d3 13. Nxc5 dxc2 14. Qxd8+ Rxd8
15. Nxe6 fxe6 16. Be3 Rd5 17. Rfc1 Nxe5 18. Nxe5 Rxe5 19. Rxc2 O-O 20. g3 Bf6
21. c4 Re4 22. cxb5 axb5 23. Rxc7 Ra8 24. a3 Bxb2 25. Rb1 Bxa3 26. Rxb5 Rb4 27.
Rg5 Bb2 28. Rgc5 Bf6 29. R5c6 Re8 30. h4 h6 31. Kg2 Kh7 32. Rd7 Kg6 33. Kh3 h5
34. Ra6 Rbb8 35. Rda7 Rb5 36. Kg2 Kf5 37. Rc7 Re7 38. Rcc6 Rd5 39. Kh3 e5 40.
Rc8 Re6 41. Raa8 Red6 42. Rh8 Kg6 43. g4 e4 44. Raf8 Ra6 45. Re8 Ra1 46. Kg2
Bxh4 47. Rxe4 Bf6 48. gxh5+ Rxh5 49. Rg4+ Kf5 50. Rf4+ Kg6 51. Bc1 Ra8 1/2-1/2

[Event "XXXII Tenkes Cup"]
[Site "Harkany HUN"]
[Date "2008.11.19"]
[Round "6"]
[White "Horvath, Ad1"]
[Black "Erdos, V."]
[Result "0-1"]
[WhiteElo "2514"]
[BlackElo "2577"]
[PlyCount "56"]
[EventDate "2008.11.14"]
[SourceDate "1999.07.01"]

1. e4 e5 2. Nf3 Nc6 3. Bb5 a6 4. Ba4 Nf6 5. O-O Nxe4 6. d4 b5 7. Bb3 d5 8. dxe5
Be6 9. Nbd2 Be7 10. c3 O-O 11. Re1 Nxd2 12. Qxd2 Qd7 13. Qf4 f5 14. Qg3 Na5 15.
Bh6 Rf7 16. Rad1 Nxb3 17. axb3 Raf8 18. Bf4 c5 19. h4 a5 20. Rd2 a4 21. bxa4
bxa4 22. h5 Kh8 23. Red1 Qe8 24. h6 gxh6 25. Bxh6 f4 26. Qh2 Rg8 27. Bxf4 Rf5
28. Qh3 Qf7 0-1

[Event "Remco Heite Inv"]
[Site "Wolvega NED"]
[Date "2012.11.16"]
[Round "1.1"]
[White "Sadler, M."]
[Black "Ernst, S."]
[Result "1/2-1/2"]
[WhiteElo "2637"]
[BlackElo "2552"]
[PlyCount "59"]
[EventDate "2012.11.16"]
[SourceDate "1999.07.01"]

1. e4 e5 2. Nf3 Nc6 3. Bb5 a6 4. Ba4 Nf6 5. O-O Nxe4 6. d4 b5 7. Bb3 d5 8. dxe5
Be6 9. Be3 Be7 10. c3 Qd7 11. Nbd2 O-O 12. Re1 Bg4 13. Nxe4 dxe4 14. Qxd7 Bxd7
15. e6 Bxe6 16. Bxe6 fxe6 17. Nd2 Ne5 18. Nxe4 Nd3 19. Re2 c5 20. Kf1 c4 21.
Rc2 Rfc8 22. b3 a5 23. Ke2 cxb3 24. axb3 Nb4 25. Rb2 Nd5 26. Bd2 Nf6 27. Ng5
Nd5 28. Ne4 Nf6 29. Ng5 Nd5 30. Ne4 1/2-1/2

[Event "TCh-CZE Extraliga 2012-13"]
[Site "Czech Republic CZE"]
[Date "2012.11.04"]
[Round "2.2"]
[White "Jakubowski, K."]
[Black "Bulski, K."]
[Result "1-0"]
[WhiteElo "2510"]
[BlackElo "2549"]
[PlyCount "163"]
[EventDate "2012.11.03"]
[SourceDate "1999.07.01"]
[WhiteTeam "SK Slavoj Poruba"]
[BlackTeam "TJ Tatran Litovel"]

1. e4 e5 2. Nf3 Nc6 3. Bb5 a6 4. Ba4 Nf6 5. O-O Nxe4 6. d4 b5 7. Bb3 d5 8. dxe5
Be6 9. Be3 Be7 10. c3 O-O 11. Nbd2 Qd7 12. h3 Rad8 13. Bc2 Bf5 14. Nd4 Nxd4 15.
cxd4 c5 16. Nxe4 dxe4 17. dxc5 Qc7 18. Qc1 Qxe5 19. b4 Be6 20. a4 Bc4 21. Re1
f5 22. axb5 axb5 23. Bf4 Qc3 24. Rb1 Bf6 25. Re3 Qd2 26. Bb3 Qxb4 27. Bd6 Rf7
28. Ba2 Qa4 29. Ra3 Bxa2 30. Rxa4 bxa4 31. Rb6 Bb3 32. Rb8 Rxb8 33. Bxb8 Rf8
34. Bd6 Rc8 35. c6 Kf7 36. Qc5 Be6 37. Qa7+ Kg6 38. Qxa4 Bd5 39. c7 Be6 40. Qc6
Kf7 41. Qc5 Rg8 42. g3 Rc8 43. Be5 Be7 44. Qd4 g6 45. Qd2 g5 46. Qe2 Kg6 47.
Qa6 Kf7 48. Qc6 h5 49. Kh2 Rg8 50. Qc1 Rc8 51. Bb2 Rg8 52. Qc3 h4 53. gxh4 gxh4
54. Qc6 Bg5 55. Be5 Be7 56. Qc1 Bg5 57. Qd1 Kg6 58. Qd6 Kf7 59. Qb6 Be7 60. Qb7
Bc8 61. Qd5+ Be6 62. Qd1 Kg6 63. Bf4 Rc8 64. Qe2 Ra8 65. f3 e3 66. Qxe3 Kf7 67.
Qe2 Bc5 68. Qb2 Rc8 69. Be5 Be7 70. Qc1 Ra8 71. Qh6 Ra2+ 72. Kh1 Rc2 73. Qh5+
Kf8 74. Qh6+ Kf7 75. Qh5+ Kf8 76. Bf4 Bf6 77. Qh6+ Ke7 78. Qh7+ Ke8 79. Qg6+
Ke7 80. Qg1 Rc4 81. Qa7 Kd7 82. c8=B+ 1-0

[Event "21st TCh-CRO 1a 2012"]
[Site "Sibenik CRO"]
[Date "2012.09.28"]
[Round "6.14"]
[White "Stevic, H."]
[Black "Bosiocic, Mari"]
[Result "1-0"]
[WhiteElo "2615"]
[BlackElo "2577"]
[PlyCount "97"]
[EventDate "2012.09.23"]
[SourceDate "1999.07.01"]
[WhiteTeam "HASK Mladost, Zagreb"]
[BlackTeam "SK Liburnija, Rijeka"]

1. e4 e5 2. Nf3 Nc6 3. Bb5 a6 4. Ba4 Nf6 5. O-O Nxe4 6. d4 Be7 7. Re1 f5 8.
dxe5 O-O 9. Bb3+ Kh8 10. Nbd2 Nc5 11. Nc4 Nxb3 12. axb3 b6 13. Ne3 Bb7 14. Nd5
Nb4 15. Nxb4 Bxb4 16. c3 Be7 17. b4 f4 18. Nd4 f3 19. Nxf3 Qe8 20. Qd3 Qh5 21.
Re3 d6 22. e6 Rf4 23. Nd2 Raf8 24. f3 d5 25. Re2 Bd6 26. Nf1 Rh4 27. e7 Re8 28.
g4 Qg6 29. Qxg6 hxg6 30. Bg5 Rh7 31. Kg2 Kg8 32. h4 Kf7 33. Rae1 Rhh8 34. Nd2
Bc8 35. Nb3 Bd7 36. Nd4 Ra8 37. Ne6 Bxe6 38. Rxe6 Rhe8 39. f4 a5 40. bxa5 Rxa5
41. h5 gxh5 42. gxh5 Ra2 43. h6 Rxb2+ 44. Kg3 gxh6 45. Rxh6 Rb3 46. Kg4 Rxc3
47. Kf5 Rg3 48. Rh7+ Kg8 49. Reh1 1-0